[Event "IECC CL5-2004.21 email"]
[Site "IECC email"]
[Date "2004.08.17"]
[Round "?"]
[White "Basson, Heinrich"]
[Black "Merletto, Michael"]
[Result "1-0"]
[WhiteElo "1555"]
[BlackElo "1480"]
[PlyCount "37"]
[EventDate "2004.??.??"]
[EventType "tourn (corr)"]
[EventRounds "4"]
[SourceTitle "Corr 2008"]
[Source "ChessBase"]
[SourceDate "2008.06.24"]
[SourceVersion "1"]
[SourceVersionDate "2008.06.24"]
[SourceQuality "1"]

1. e4 c6 2. Nf3 d5 3. e5 Bf5 4. d4 e6 5. Be2 Ne7 6. 0-0 h6 7. Nh4 Bh7 8. c3 c5 9. Nf3 Nec6 10. Qb3 Qc7 11. Be3 Nd7 12. Nbd2 c4 13. Qd1 f6 14. exf6 Nxf6 15. Re1 Bd6 16. b3 b5 17. a4 b4 18. bxc4 bxc3 19. Nf1 1-0